Acuerdo mediante canje de notas entre España y Bélgica de 23 de febrero de 1933, concediendo reducción de precio en los billetes de ferrocarril a los indigentes españoles y belgas que hayan de ser repatriados. (Record no. 172793)

MARC details
000 -LEADER
campo de control de longitud fija 01138nam a22002655i 4500
001 - NÚMERO DE CONTROL
campo de control 172793
003 - IDENTIFICADOR DE NÚMERO DE CONTROL
campo de control ES-MaACL
005 - FECHA Y HORA DE LA ÚLTIMA TRANSACCIÓN
campo de control 20250827062640.0
008 - DATOS DE LONGITUD FIJA--INFORMACIÓN GENERAL
campo de control de longitud fija 090909s1933 sp |||| | spa d
080 ## - NÚMERO DE LA CLASIFICACIÓN DECIMAL UNIVERSAL
Número de la Clasificación Decimal Universal 338.47(460):656.2
110 1# - ENTRADA PRINCIPAL--NOMBRE DE ENTIDAD CORPORATIVA
Nombre de entidad corporativa o nombre de jurisdicción como elemento de entrada España
9 (RLIN) 3622
245 10 - MENCIÓN DEL TÍTULO
Título Acuerdo mediante canje de notas entre España y Bélgica de 23 de febrero de 1933, concediendo reducción de precio en los billetes de ferrocarril a los indigentes españoles y belgas que hayan de ser repatriados.
260 ## - PUBLICACIÓN, DISTRIBUCIÓN, ETC.
Lugar de publicación, distribución, etc. Madrid :
Nombre del editor, distribuidor, etc. [Ministerio de Estado],
Fecha de publicación, distribución, etc. 1933 (
Fabricante Imp. del Ministerio de Estado)
300 ## - DESCRIPCIÓN FÍSICA
Extensión 6 p. ;
Dimensiones 24 cm.
490 1# - MENCIÓN DE SERIE
Mención de serie Acuerdos y convenios internacionales, año 1933 ;
Designación de volumen o secuencia 5
546 ## - NOTA DE IDIOMA
Nota de lengua/lenguaje Texto en español y francés.
594 ## - Nota al título y mención de responsabilidad
Nota al título y mención de responsabilidad Datos tomados de cub.
650 #4 - PUNTO DE ACCESO ADICIONAL DE MATERIA--TÉRMINO DE MATERIA
Término de materia o nombre geográfico como elemento de entrada Transportes ferroviarios-
Subdivisión general Tarifas-
Subdivisión geográfica España.
9 (RLIN) 176194
651 #4 - PUNTO DE ACCESO ADICIONAL DE MATERIA--NOMBRE GEOGRÁFICO
Nombre geográfico España-
Subdivisión general Relaciones-
Subdivisión geográfica Bélgica.
9 (RLIN) 151828
651 #4 - PUNTO DE ACCESO ADICIONAL DE MATERIA--NOMBRE GEOGRÁFICO
Nombre geográfico Bélgica-
Subdivisión general Relaciones-
Subdivisión geográfica España.
9 (RLIN) 151827
710 1# - ENTRADA AGREGADA--NOMBRE DE ENTIDAD CORPORATIVA
Nombre de entidad corporativa o nombre de jurisdicción como elemento de entrada España.
Unidad subordinada Ministerio de Estado.
9 (RLIN) 3866
830 1# - PUNTO DE ACCESO ADICIONAL DE SERIE-TÍTULO UNIFORME
Título uniforme Acuerdos y convenios internacionales, año 1933 ;
Designación de volumen o secuencia 5
9 (RLIN) 223426
852 4# - LOCALIZACIÓN
Ubicación ES-MaACL
Número de control de estantería 2300-F-10
Holdings
Estatus retirado Estado de pérdida Estado de daño No para préstamo Colección Biblioteca de origen Biblioteca actual Ubicación en estantería Fecha de adquisición Total de préstamos Signatura topográfica completa Código de barras Visto por última vez Precio de reemplazo Tipo de ítem Koha
        Colección de folletos Biblioteca del Ateneo de Madrid Biblioteca del Ateneo de Madrid Depósito folletos 14/04/2011   2300-F-10 1186682 23/02/2023 23/02/2023 Folleto